00877nam a2200241 i 450000100060000000300090000600500170001500700030003200800410003508000250007624501460010125000120024726000320025930000220029149000330031365000300034670000280037670000290040483000410043385200220047499900170049695201220051325047ES-MaACL20230906153202.0t|021220s1968 sp ||||1| spa d a821.411.21-32(082.2)00aArabescos del amor : brecopilación de historias árabes primitivas de amor y mujeres / cMax Weisweiler ; [traducción, Enrique Ortega]. a1ª ed. aBarcelona : bZeus, c1968. a314 p. ; c17 cm.1 aPodium: obras significativas 4aCuentos árabes.91675931 aOrtega, Enrique.9874031 aWeisweiler, Max.91164171 aPodium: obras significativas92291184 aES-MaACLjC-34897 c25047d25047 00104070aATENEOMbATENEOMcDEPO2d2008-01-17eSCl0oC-34897p1025825r2023-02-23 00:00:00w2023-02-23yMONOGRAFIA